5 biggest countries by continent - Statistics

General Stats
  • This quiz has been taken 559 times
  • The average score is 22 of 30
Answer Stats
Answer % Correct
Canada
100%
Mexico
98%
United States of America
98%
China
93%
India
89%
Russia
86%
Brazil
83%
Russia
83%
Argentina
82%
Australia
79%
Ukraine
79%
France
78%
Algeria
77%
Peru
75%
Nicaragua
74%
Spain
73%
Colombia
72%
Kazakhstan
72%
Dem. Rep. of the Congo
71%
New Zealand
69%
Honduras
68%
Bolivia
67%
Papua New Guinea
66%
Saudi Arabia
64%
Sudan
63%
Sweden
61%
Libya
57%
Chad
53%
Fiji
48%
Solomon Islands
48%
No matching quizzes found
Score Distribution
Percent of People with Each Score
Percentile by Number Answered
Your Score History
You have not taken this quiz